书目信息 |
| 题名: |
纳西族
|
|
| 作者: | 于洁 编著 | |
| 分册: | ||
| 出版信息: | 长春 吉林出版集团有限责任公司 2010.04 |
|
| 页数: | 120页 | |
| 开本: | 23cm | |
| 丛书名: | 中国文化知识读本 | |
| 单 册: | ||
| 中图分类: | K285.7 | |
| 科图分类: | ||
| 主题词: | 纳西族--民族文化--中国 | |
| 电子资源: | ||
| ISBN: | 978-7-5463-2660-3 | |
| 000 | 00835nam 2200253 450 | |
| 001 | 004711990 | |
| 005 | 20100805144722.15 | |
| 010 | @a978-7-5463-2660-3@dCNY22.00 | |
| 100 | @a20100515d2010 em y0chiy50 ea | |
| 101 | 0 | @achi |
| 102 | @aCN@b220000 | |
| 105 | @aa z 000yy | |
| 200 | 1 | @a纳西族@Ana xi zu@f于洁编著@Fyu jie bian zhu |
| 205 | @a第2版 | |
| 210 | @a长春@c吉林出版集团有限责任公司@c吉林文史出版社@d2010.04 | |
| 215 | @a120页@c图@d23cm | |
| 225 | 2 | @a中国文化知识读本 |
| 330 | @a本书介绍了纳西族,内容包括:依山傍水的丽江古城、独具匠心的古城建筑、自然质朴的纳西民俗、最后的母系家园、古老神秘的东巴文化、风光无限的旅游胜地。 | |
| 410 | 0 | @12001 @a中国文化知识读本 |
| 606 | 0 | @a纳西族@x民族文化@y中国 |
| 690 | @aK285.7@v4 | |
| 701 | 0 | @a于洁@Ayu jie@4编著 |
| 801 | 0 | @aCN@c20100515 |
| 905 | @dK285.7@eY710=2@f5 | |
| 纳西族/于洁编著.-第2版.-长春:吉林出版集团有限责任公司:吉林文史出版社,2010.04 |
| 120页:图;23cm.-(中国文化知识读本) |
| ISBN 978-7-5463-2660-3:CNY22.00 |
| 本书介绍了纳西族,内容包括:依山傍水的丽江古城、独具匠心的古城建筑、自然质朴的纳西民俗、最后的母系家园、古老神秘的东巴文化、风光无限的旅游胜地。 |
| ● |
| 相关链接 |
|
|
|
正题名:纳西族
索取号:K285.7/Y710=2
 
预约/预借
| 序号 | 登录号 | 条形码 | 馆藏地/架位号 | 状态 | 备注 |
| 1 | 995289 | 209952899 | 自科二线404/422社科库 43排4列3层/ [索取号:K285.7/Y710=2] | 在馆 | |
| 2 | 995290 | 209952906 | 社科库309/309社科库 38排1列3层/ [索取号:K285.7/Y710=2] | 在馆 | |
| 3 | 995291 | 209952915 | 自科二线404/400A自科库 18排3列1层/ [索取号:K285.7/Y710=2] | 在馆 | |
| 4 | 995292 | 209952924 | 社科库309/309社科库 38排1列3层/ [索取号:K285.7/Y710=2] | 在馆 | |
| 5 | 995293 | 209952933 | 自科二线404/400A自科库 18排3列1层/ [索取号:K285.7/Y710=2] | 在馆 |